Les religions dans l'enseignement laïque (notice n° 2171916)

détails MARC
000 -LEADER
fixed length control field 01436cam a2200133 4500500
005 - DATE AND TIME OF LATEST TRANSACTION
control field 20260405041737.0
041 ## - LANGUAGE CODE
Language code of text/sound track or separate title fre
042 ## - AUTHENTICATION CODE
Authentication code dc
100 10 - MAIN ENTRY--PERSONAL NAME
Personal name Estivalezes, Mireille
Relator term author
245 00 - TITLE STATEMENT
Title Les religions dans l'enseignement laïque
260 ## - PUBLICATION, DISTRIBUTION, ETC.
Name of publisher, distributor, etc. Presses Universitaires de France,<br/>
Date of publication, distribution, etc. 2005.<br/>
520 ## - SUMMARY, ETC.
Summary, etc. Au terme de cette analyse extrêmement développée et très claire, on peut se demander de quelle façon le fait religieux est globalement appréhendé dans les programmes et les manuels et quelles sont les permanences et les évolutions dans ce traitement depuis une trentaine d’années. Deux constats s’imposent: les manuels sont loin de refléter les programmes, le livre scolaire favorise l’étanchéité des disciplines. D’autre part très peu de liens sont établis entre les religions étudiées, ainsi le christianisme est détaché du judaïsme et de l’islam, alors qu’ils sont nés dans la même région du monde. Les religions lorsqu’elles sont abordées, le sont dans un contexte historique et très peu présentes dans l’histoire contemporaine. Faut-il y voir l’expression d’un affrontement entre une mémoire qui sacralise et une histoire qui laïcise&amp;#8239;? Le comparatisme est le grand perdant de cette présentation scolaire du fait religieux.
856 41 - ELECTRONIC LOCATION AND ACCESS
Uniform Resource Identifier <a href="https://shs.cairn.info/les-religions-dans-l-enseignement-laique--9782130548621?lang=fr&redirect-ssocas=7080">https://shs.cairn.info/les-religions-dans-l-enseignement-laique--9782130548621?lang=fr&redirect-ssocas=7080</a>

Pas d'exemplaire disponible.

PLUDOC

PLUDOC est la plateforme unique et centralisée de gestion des bibliothèques physiques et numériques de Guinée administré par le CEDUST. Elle est la plus grande base de données de ressources documentaires pour les Étudiants, Enseignants chercheurs et Chercheurs de Guinée.

Adresse

627 919 101/664 919 101

25 boulevard du commerce
Kaloum, Conakry, Guinée

Réseaux sociaux

Powered by Netsen Group @ 2025